00646nam a2200205Ia 450000500170000000800410001702000220005804100120008008200130009210000210010524500420012625000080016826000250017650000140020165000260021570000220024194200080026395201500027199900190042120240913125647.0240913s9999||||xx |||||||||||||| ||und|| a978-81-8489-371-7 aENGLISH A620.5 Q0 aSandeep K Shukla 0aNano, Quantum and Molecular Computing a1st c2010bKluwar Academi aREFERENCE aNanobNano Technology a Iris Bahar R Ed. cREF 00104070aNICHELIBbNICHELIBcNanotechnologyd2011-09-19eTBH Book Suppliersg695.00l0o620.5 Q0p40160r2024-09-13 12:56:47w2024-09-13yREF c246005d246005